|
|
|
|
| LEADER |
00000nam0a2200000 4500 |
| 001 |
255863 |
| 005 |
20231101233049.0 |
| 035 |
|
|
|a (RuTPU)RU\TPU\book\278478
|
| 090 |
|
|
|a 255863
|
| 100 |
|
|
|a 20140402d1986 k y0rusy50 ca
|
| 101 |
0 |
|
|a rus
|
| 102 |
|
|
|a RU
|
| 105 |
|
|
|a y z 001zy
|
| 200 |
1 |
|
|a Технология и комплексная механизация торфяного производства
|e сборник научных трудов
|f Калининский политехнический институт (КПИ) ; под ред. А. Е. Афанасьева
|
| 210 |
|
|
|a Калинин
|c Изд-во Калининского гос. ун-та
|d 1986
|
| 215 |
|
|
|a 112 с.
|c ил.
|
| 320 |
|
|
|a Библиогр. в конце ст.
|
| 606 |
1 |
|
|a Торфодобыча
|x Механизация комплексная
|2 stltpush
|3 (RuTPU)RU\TPU\subj\61079
|9 78287
|
| 610 |
1 |
|
|a технология
|
| 610 |
1 |
|
|a торфяное производство
|
| 610 |
1 |
|
|a оборудование
|
| 610 |
1 |
|
|a торфяные месторождения
|
| 610 |
1 |
|
|a разработка
|
| 610 |
1 |
|
|a торф
|
| 610 |
1 |
|
|a сушка
|
| 675 |
|
|
|a 622.331
|v 3
|
| 702 |
|
1 |
|a Афанасьев
|b А. Е.
|4 340
|
| 712 |
0 |
2 |
|a Калининский политехнический институт (КПИ)
|c (1958-1990)
|2 stltpush
|3 (RuTPU)RU\TPU\col\7669
|
| 801 |
|
1 |
|a RU
|b 63413507
|c 20140402
|
| 801 |
|
2 |
|a RU
|b 63413507
|c 20140715
|g RCR
|
| 942 |
|
|
|c BK
|